University Home | Library Home | Institutional Repository

Islam and alcoholism : (Record no. 118018)

MARC details
000 -LEADER
fixed length control field 00681cam8a220020500 4500
001 - CONTROL NUMBER
control field tmp16019325
003 - CONTROL NUMBER IDENTIFIER
control field UPRA
005 - DATE AND TIME OF LATEST TRANSACTION
control field 20190821141754.0
008 - FIXED-LENGTH DATA ELEMENTS--GENERAL INFORMATION
fixed length control field 951122s1976 miu eng u
035 ## - SYSTEM CONTROL NUMBER
System control number (Sirsi) r92383
035 ## - SYSTEM CONTROL NUMBER
System control number (UPRA)tmp16019325
040 ## - CATALOGING SOURCE
Transcribing agency UPRA
100 1# - MAIN ENTRY--PERSONAL NAME
Personal name Badri, Malik.
Linkage A51246.1
245 10 - TITLE STATEMENT
Title Islam and alcoholism :
Remainder of title Islam, alcoholism and the treatment of Muslim alcoholics.
260 ## - PUBLICATION, DISTRIBUTION, ETC.
Place of publication, distribution, etc. Ann Arbor, MI :
Name of publisher, distributor, etc. American Trust Publication,
Date of publication, distribution, etc. [1976]
650 #0 - SUBJECT ADDED ENTRY--TOPICAL TERM
Topical term or geographic name entry element Alcoholism -- Religious aspects.
General subdivision Alcoholism -- Religious aspects.
Linkage S40174.1
949 ## - LOCAL PROCESSING INFORMATION (OCLC)
a BP173.25
w lcc
i -130008
m MAIN
t BOOK
l ON-SHELF
987 ## - LOCAL ROMANIZATION/CONVERSION HISTORY (OCLC)
Romanization/conversion identifier image : unreadable?

No items available.

© 2026 - The University of Zambia Library - Koha v25.11